000 00849nam a2200265 a 4500
001 56624
003 BD-RjUL
005 20211209080421.0
008 161203s1939 chi 001 0 eng
035 _a(BD-RjUL)56748
040 _aDLC
_cDLC
_dBD-RjUL
_beng
041 _aeng
051 _cCopy 4.
082 0 0 _a025.4
_223
_bMEC 1939
100 1 _aMerrill, William Stetson,
_d1866-
_9168432
245 1 0 _aCode for classifiers :
_bprinciples governing the consistent placing of books in a system of classification /
_c[by] William Stetson Merrill.
250 _a2d ed.
260 _aChicago :
_bAmerican library association,
_c1939.
300 _axi, 177 p. ;
_c21 cm.
500 _aInclude index
650 0 _aClassification
_xBooks.
_9127023
710 2 _aAmerican library association.
_9126820
942 _2ddc
_cBK
999 _c56624
_d56624